[Event "PRO League Atlantic 2017"]
[Site "chess.com INT"]
[Date "2017.01.11"]
[Round "1"]
[White "Balleisen, Aaron S"]
[Black "Obrien, Matthew J"]
[Result "1-0"]
[WhiteElo "2127"]
[BlackElo "2084"]
[WhiteTeam "Carolina Cobras"]
[BlackTeam "Philadelphia Inventors"]
[WhiteFideId "2087073"]
[BlackFideId "2059150"]
[EventDate "2017.01.11"]

1. c4 Nf6 2. g3 g6 3. Bg2 Bg7 4. Nc3 O-O 5. e4 d6 6. Nge2 c5 7. O-O Nc6 8. a3
Ne8 9. Rb1 a5 10. Nb5 Nc7 11. Nxc7 Qxc7 12. d3 Bd7 13. Be3 Nd4 14. Nxd4 cxd4 15.
Bd2 b5 16. b3 a4 17. e5 Ra6 18. exd6 exd6 19. Bb4 axb3 20. cxb5 Bxb5 21. Qxb3
Ba4 22. Qb2 Qc2 23. Rfc1 Qxb2 24. Rxb2 g5 25. Bd5 Bb5 26. Bc4 Rc6 27. Bxd6 Rxd6
28. Rxb5 Ra8 29. Ra1 Rda6 30. Rxg5 Rxa3 31. Rxa3 Rxa3 32. Rf5 Ra7 33. h4 h6 34.
Kg2 Rd7 35. Kf3 Kf8 36. Bb5 Rd6 37. Bc4 Rf6 38. Ke4 Rxf5 39. Kxf5 Ke7 40. f4 Bf6
41. Bb3 Bg7 42. g4 Bf6 43. g5 Bg7 44. Ke4 Ke8 45. f5 hxg5 46. hxg5 Bf8 47. Kxd4
Be7 48. g6 fxg6 49. fxg6 Bf6+ 50. Kd5 Kd7 51. Ba4+ Ke7 52. d4 Kf8 53. Kc5 Ke7
54. d5 Be5 55. Kc6 Kd8 56. d6 Kc8 57. Kd5 Bg7 58. Ke6 Kd8 59. d7 1-0

[Event "PRO League Atlantic 2017"]
[Site "chess.com INT"]
[Date "2017.01.11"]
[Round "1"]
[White "Balleisen, Aaron S"]
[Black "Erenburg, Sergey"]
[Result "1/2-1/2"]
[BlackTitle "GM"]
[WhiteElo "2127"]
[BlackElo "2570"]
[WhiteTeam "Carolina Cobras"]
[BlackTeam "Philadelphia Inventors"]
[WhiteFideId "2087073"]
[BlackFideId "2805642"]
[EventDate "2017.01.11"]

1. c4 c6 2. d4 d5 3. Nf3 Nf6 4. Qc2 dxc4 5. Qxc4 Bf5 6. g3 e6 7. Bg2 Be7 8. O-O
O-O 9. e3 Nbd7 10. Nc3 Qc7 11. Qe2 e5 12. b3 Bg4 13. h3 Bxf3 14. Qxf3 Bb4 15.
Bb2 exd4 16. exd4 Nb6 17. Ne4 Nxe4 18. Qxe4 Nd5 19. Rac1 Qd7 20. a3 Be7 21. Qc2
Rad8 22. b4 Rfe8 23. Rfe1 a6 24. Qc4 g6 25. Re2 Bf6 26. Bxd5 cxd5 27. Rxe8+ Rxe8
28. Qf1 Re4 29. Rd1 Qe6 30. Kg2 Re2 31. Bc1 Qe4+ 32. Kg1 Ra2 33. Qd3 Qxd3 34.
Rxd3 Ra1 35. Rd1 Bxd4 36. Rxd4 Rxc1+ 37. Kg2 Rc3 38. Rxd5 Rxa3 39. b5 Kg7 40.
bxa6 bxa6 41. Rd6 h5 42. h4 Kf8 43. Rd8+ Ke7 44. Ra8 Ke6 45. Ra7 f6 46. Ra8 Kf5
47. Ra7 Ra5 48. Ra8 g5 49. hxg5 fxg5 50. Rf8+ Ke4 51. f3+ Ke3 52. Re8+ Kd3 53.
Rd8+ Ke3 54. Re8+ Kd4 55. Rh8 Ra2+ 56. Kh3 Ra1 57. Rxh5 Rh1+ 58. Kg4 Rxh5 59.
Kxh5 a5 60. f4 gxf4 61. gxf4 a4 62. f5 Ke5 63. Kg6 a3 64. f6 a2 65. f7 a1=Q 66.
f8=Q Qg1+ 67. Kh5 Qh2+ 68. Kg4 Qg2+ 69. Kh4 Qe4+ 70. Kh3 Qf5+ 71. Qxf5+ Kxf5 1/2-1/2

[Event "PRO League Atlantic 2017"]
[Site "chess.com INT"]
[Date "2017.01.11"]
[Round "1"]
[White "Randazzo, Adrian"]
[Black "Shen, Christopher Y"]
[Result "1-0"]
[WhiteTitle "FM"]
[BlackTitle "CM"]
[WhiteElo "2234"]
[BlackElo "2165"]
[WhiteTeam "Patagonia Penguins"]
[BlackTeam "Columbus Cardinals"]
[WhiteFideId "114251"]
[BlackFideId "2090635"]
[EventDate "2017.01.11"]

1. e4 e6 2. d3 c5 3. Nf3 Nc6 4. g3 g6 5. d4 Bg7 6. d5 Nd4 7. Nfd2 exd5 8. c3 Nc6
9. exd5 Qe7+ 10. Be2 Ne5 11. O-O d6 12. Re1 Kf8 13. f4 Nd7 14. Nc4 Ndf6 15. a4
Qc7 16. Nba3 a6 17. a5 Bh3 18. f5 Nh6 19. Bf4 Rd8 20. fxg6 hxg6 21. Bf3 Nf5 22.
Bg5 Re8 23. Qd2 Kg8 24. Rxe8+ Nxe8 25. Re1 Kh7 26. g4 Nh6 27. Re7 Qc8 28. Nb6
Qb8 29. Nd7 Qc8 30. Qf4 Rf8 31. Qg3 f6 32. Bxh6 Kxh6 33. Qxh3+ Kg5 34. Nxf8 Bxf8
35. Rh7 Bg7 36. Nc4 Qd7 37. Nd2 Qe7 38. Ne4+ Kf4 39. Qg3+ Ke3 40. Qf2+ Kf4 41.
Kg2 1-0

[Event "PRO League Atlantic 2017"]
[Site "chess.com INT"]
[Date "2017.01.11"]
[Round "1"]
[White "Randazzo, Adrian"]
[Black "Wang, Jason"]
[Result "1-0"]
[WhiteTitle "FM"]
[WhiteElo "2234"]
[BlackElo "2006"]
[WhiteTeam "Patagonia Penguins"]
[BlackTeam "Columbus Cardinals"]
[WhiteFideId "114251"]
[BlackFideId "30908124"]
[EventDate "2017.01.11"]

1. e4 c5 2. Nf3 e6 3. d3 Nc6 4. g3 d5 5. Qe2 d4 6. e5 Nge7 7. Bg2 Ng6 8. O-O Qc7
9. Re1 Be7 10. h4 O-O 11. h5 Nh8 12. h6 g6 13. Bf4 Bd7 14. Nbd2 Nb4 15. Ne4 Nd5
16. Bd2 Rae8 17. c4 dxc3 18. bxc3 f5 19. exf6 Nxf6 20. Bf4 Qb6 21. Rab1 Qa6 22.
Ne5 Bc8 23. Nxf6+ Bxf6 24. Ng4 Bxc3 25. Rec1 Bd4 26. Be5 Rf7 27. Bxd4 cxd4 28.
Qe5 Ref8 29. Rxc8 Rxc8 30. Nf6+ Kf8 31. Nd7+ Kg8 32. Rxb7 Qa3 33. Qg7+ Rxg7 34.
Nf6+ Kf8 35. hxg7# 1-0

[Event "PRO League Atlantic 2017"]
[Site "chess.com INT"]
[Date "2017.01.11"]
[Round "1"]
[White "Fishbein, Alexander"]
[Black "Real De Azua, Ernesto"]
[Result "1-0"]
[WhiteTitle "GM"]
[BlackTitle "IM"]
[WhiteElo "2481"]
[BlackElo "2478"]
[WhiteTeam "New Jersey Knockouts"]
[BlackTeam "Buenos Aires Krakens"]
[WhiteFideId "2000377"]
[BlackFideId "108154"]
[EventDate "2017.01.11"]

1. Nf3 Nf6 2. c4 c5 3. Nc3 e6 4. g3 b6 5. Bg2 Bb7 6. O-O Be7 7. b3 O-O 8. Bb2 d6
9. e3 Nbd7 10. d4 Ne4 11. Qe2 a6 12. Rfd1 Qc7 13. Rac1 Rac8 14. Nd2 Nxc3 15.
Bxc3 Bxg2 16. Kxg2 b5 17. Qf3 bxc4 18. dxc5 Qxc5 19. Nxc4 d5 20. e4 dxe4 21.
Qxe4 Nf6 22. Qf3 Nd5 23. Bb2 Qb5 24. Qg4 Bf6 25. Nd6 Rxc1 26. Nxb5 Bxb2 27. Rxc1
Bxc1 28. Nd4 Nf6 29. Qe2 a5 30. Nc6 Ra8 31. Qe1 Bb2 32. Nxa5 Nd5 33. Nc4 Bc3 34.
Qe2 h6 35. h4 Ra7 36. h5 Ra8 37. Nd6 Bb4 38. Nb5 Rc8 39. a3 Be7 40. b4 Rb8 41.
Nd4 Bf6 42. Nc6 Ra8 43. Qd3 Nc3 44. Qd7 Nd5 45. b5 Rxa3 46. Qe8+ Kh7 47. Qxf7 1-0

[Event "PRO League Atlantic 2017"]
[Site "chess.com INT"]
[Date "2017.01.11"]
[Round "1"]
[White "Fishbein, Alexander"]
[Black "Iermito, Sebastian"]
[Result "0-1"]
[WhiteTitle "GM"]
[BlackTitle "IM"]
[WhiteElo "2481"]
[BlackElo "2498"]
[WhiteTeam "New Jersey Knockouts"]
[BlackTeam "Buenos Aires Krakens"]
[WhiteFideId "2000377"]
[BlackFideId "114286"]
[EventDate "2017.01.11"]

1. Nf3 c5 2. c4 Nc6 3. d4 cxd4 4. Nxd4 Nf6 5. Nc3 e6 6. Bf4 d5 7. e3 Bb4 8. Nxc6
bxc6 9. Qa4 Qb6 10. Bd3 O-O 11. O-O a5 12. Qc2 Bxc3 13. bxc3 Qc5 14. cxd5 cxd5
15. Be5 Ba6 16. Bd4 Bxd3 17. Qxd3 Qc7 18. Bxf6 gxf6 19. Qd4 Qe5 20. Qg4+ Qg5 21.
Qf3 Rac8 22. Rfc1 Rc4 23. Rab1 Rfc8 24. g3 Rxc3 25. Rxc3 Rxc3 26. h4 Qg6 27.
Rb8+ Kg7 28. Qf4 Qe4 29. Qxe4 dxe4 30. Rb2 f5 31. Kf1 a4 32. Rb4 Ra3 33. Rb2 Kg6
34. Ke2 Kh5 35. Kf1 e5 36. Rb7 Kg6 37. Rb2 f6 38. Kg2 f4 39. exf4 exf4 40. gxf4
Kf5 41. Rb7 Kxf4 42. Rxh7 Rxa2 43. Re7 f5 44. Re6 Kg4 45. Re5 a3 46. h5 Kxh5 47.
Rxf5+ Kg4 48. Re5 Kf4 49. Re8 Rb2 50. Rf8+ Ke5 51. Kg3 a2 52. Ra8 Kd4 53. Ra4+
Kd3 54. Ra3+ Kc2 55. Kf4 Kb1 56. Kxe4 Rxf2 57. Ke3 Rb2 58. Kd3 a1=Q 59. Rxa1+
Kxa1 0-1

[Event "PRO League Atlantic 2017"]
[Site "chess.com INT"]
[Date "2017.01.11"]
[Round "1"]
[White "Stripunsky, Alexander"]
[Black "Real De Azua, Ernesto"]
[Result "1-0"]
[WhiteTitle "GM"]
[BlackTitle "IM"]
[WhiteElo "2536"]
[BlackElo "2478"]
[WhiteTeam "New Jersey Knockouts"]
[BlackTeam "Buenos Aires Krakens"]
[WhiteFideId "2015315"]
[BlackFideId "108154"]
[EventDate "2017.01.11"]

1. e4 e5 2. Nf3 Nc6 3. Bb5 a6 4. Ba4 Nf6 5. d3 d6 6. c3 g6 7. Nbd2 Bg7 8. Nf1
O-O 9. Bg5 h6 10. Bxf6 Bxf6 11. h4 d5 12. h5 g5 13. N3h2 Ne7 14. Qf3 Bg7 15. g4
c6 16. Ne3 d4 17. Nd1 b5 18. Bb3 c5 19. Nf1 Be6 20. Ng3 c4 21. Bc2 Rc8 22. a3
Qb6 23. O-O Rfd8 24. Nf5 Nxf5 25. gxf5 Bd7 26. Kh2 Qd6 27. Rc1 Bc6 28. Bb1 Bb7
29. Ba2 Rc7 30. Re1 Rdc8 31. Re2 Rc5 32. Rd2 Qc6 33. Qg4 cxd3 34. f3 Qb6 35.
Rxd3 Bf6 36. Qg1 a5 37. Nf2 b4 38. axb4 axb4 39. Ng4 Kg7 40. Bd5 Bxd5 41. exd5
Rxd5 42. c4 Ra5 43. b3 Ra2+ 44. Kh3 Qc6 45. Qe1 Re8 46. Qe4 Qxe4 47. fxe4 Re2
48. c5 Rxe4 49. c6 Rc8 50. c7 Re2 51. Rc6 e4 52. Rd1 Bd8 53. f6+ Kf8 54. Rxd4
Bxc7 55. Rxc7 1-0

[Event "PRO League Atlantic 2017"]
[Site "chess.com INT"]
[Date "2017.01.11"]
[Round "1"]
[White "Stripunsky, Alexander"]
[Black "Iermito, Sebastian"]
[Result "1/2-1/2"]
[WhiteTitle "GM"]
[BlackTitle "IM"]
[WhiteElo "2536"]
[BlackElo "2498"]
[WhiteTeam "New Jersey Knockouts"]
[BlackTeam "Buenos Aires Krakens"]
[WhiteFideId "2015315"]
[BlackFideId "114286"]
[EventDate "2017.01.11"]

1. e4 c5 2. c3 d5 3. exd5 Qxd5 4. d4 Nf6 5. Nf3 Bg4 6. Be2 e6 7. h3 Bh5 8. c4
Qd8 9. Nc3 cxd4 10. Nxd4 Bxe2 11. Qa4+ Nbd7 12. Ndxe2 Be7 13. O-O O-O 14. Rd1
Qc8 15. Be3 a6 16. Rac1 Ne5 17. Nb1 Bc5 18. Qb3 Bxe3 19. Qxe3 Qc7 20. b3 Rad8
21. Nbc3 Ng6 22. Na4 Rxd1+ 23. Rxd1 b5 24. Qc5 Qxc5 25. Nxc5 bxc4 26. bxc4 Rc8
27. Nxa6 Rxc4 1/2-1/2

[Event "PRO League Atlantic 2017"]
[Site "chess.com INT"]
[Date "2017.01.11"]
[Round "1"]
[White "Zaremba, Andrie"]
[Black "Balleisen, Aaron S"]
[Result "1-0"]
[WhiteTitle "FM"]
[WhiteElo "2348"]
[BlackElo "2127"]
[WhiteTeam "Philadelphia Inventors"]
[BlackTeam "Carolina Cobras"]
[WhiteFideId "2014513"]
[BlackFideId "2087073"]
[EventDate "2017.01.11"]

1. d4 Nf6 2. Nf3 b6 3. c4 Bb7 4. Nc3 g6 5. Qc2 d5 6. Bg5 Nbd7 7. cxd5 Nxd5 8.
Nxd5 Bxd5 9. e4 Bb7 10. Bb5 c6 11. Bc4 Bg7 12. h4 h6 13. Bf4 e6 14. Qd2 Qe7 15.
O-O Nf6 16. Rfe1 Rd8 17. Rad1 Nh5 18. Be3 Nf6 19. Bf4 Nh5 20. e5 Nxf4 21. Qxf4
O-O 22. Bd3 c5 23. Be4 c4 24. Bxb7 Qxb7 25. Nd2 f6 26. Nxc4 fxe5 27. Qg4 Rxd4
28. Rxd4 exd4 29. Rxe6 Qf7 30. f3 Qf5 31. Qxg6 Qxg6 32. Rxg6 Rd8 33. Rd6 Rc8 34.
b3 b5 35. Na3 Rc1+ 36. Kf2 b4 37. Nb5 Rc2+ 38. Kf1 Rxa2 39. Nxd4 Bxd4 40. Rxd4
a5 41. Kg1 Ra3 42. Rd5 Rxb3 43. Rxa5 Rb1+ 44. Kh2 b3 45. Ra7 b2 46. Rb7 Kf8 47.
h5 Ke8 48. Kg3 Kd8 49. Kf4 Kc8 50. Rb3 Kd7 51. g4 Ke7 52. Kf5 Rf1 53. Rb7+ Kf8
54. Rxb2 Rxf3+ 55. Kg6 Rf4 56. Rg2 Ke7 57. Kxh6 Kf7 58. Kg5 Re4 59. Rf2+ Kg7 60.
Rf5 Re6 61. Ra5 Rd6 62. Ra7+ Kg8 63. Kh4 Rb6 64. Re7 Rc6 65. g5 Rc4+ 66. Kg3 Rc5
67. Kg4 Rc4+ 68. Kf5 Rc5+ 69. Re5 Rc1 70. h6 Rc2 71. Kf6 Rf2+ 72. Kg6 Rf8 73.
Re7 Kh8 74. Kh5 Ra8 75. g6 Ra5+ 76. Kg4 Ra4+ 77. Kg5 Ra5+ 78. Kf6 Ra6+ 79. Re6
Ra8 80. Rb6 Rc8 81. Rd6 Ra8 82. Re6 Rf8+ 83. Ke7 Ra8 84. Rd6 Ra7+ 85. Rd7 Ra8
86. Rd8+ 1-0

[Event "PRO League Atlantic 2017"]
[Site "chess.com INT"]
[Date "2017.01.11"]
[Round "1"]
[White "Abreu Delgado, Aryam"]
[Black "Perdomo, Carlos Andres"]
[Result "1-0"]
[WhiteTitle "GM"]
[BlackTitle "IM"]
[WhiteElo "2452"]
[BlackElo "2299"]
[WhiteTeam "Miami Champions"]
[BlackTeam "Atlanta Kings"]
[WhiteFideId "3502589"]
[BlackFideId "4400852"]
[EventDate "2017.01.11"]

1. e4 c5 2. Nf3 e6 3. d4 cxd4 4. Nxd4 a6 5. c4 Nf6 6. Nc3 d6 7. Be2 Nbd7 8. Be3
b6 9. O-O Bb7 10. f3 Be7 11. a4 O-O 12. a5 d5 13. exd5 exd5 14. cxd5 Bc5 15. Nf5
Bxe3+ 16. Nxe3 Qe7 17. Qd4 Rfe8 18. Ng4 b5 19. d6 Qe6 20. Rad1 Rac8 21. Nxf6+
Qxf6 22. Qxf6 gxf6 23. Bd3 Rc5 24. Be4 Bxe4 25. Nxe4 Rc6 26. Rd5 Re5 27. Rfd1
Kg7 28. b4 Kf8 29. Nxf6 Rxd5 30. Nxd7+ 1-0

[Event "PRO League Atlantic 2017"]
[Site "chess.com INT"]
[Date "2017.01.11"]
[Round "1"]
[White "Abreu Delgado, Aryam"]
[Black "Guseinov, Gadir"]
[Result "0-1"]
[WhiteTitle "GM"]
[BlackTitle "GM"]
[WhiteElo "2452"]
[BlackElo "2643"]
[WhiteTeam "Miami Champions"]
[BlackTeam "Atlanta Kings"]
[WhiteFideId "3502589"]
[BlackFideId "13401378"]
[EventDate "2017.01.11"]

1. e4 c5 2. Nf3 Nc6 3. d4 cxd4 4. Nxd4 g6 5. c4 Nf6 6. Nc3 Nxd4 7. Qxd4 d6 8.
Be3 Bg7 9. f3 O-O 10. Qd2 Qa5 11. Rc1 Be6 12. b3 Rfc8 13. Be2 a6 14. Na4 Qxd2+
15. Kxd2 Nd7 16. g4 f5 17. exf5 gxf5 18. h3 Rf8 19. Rhg1 Rad8 20. Bg5 Kf7 21.
gxf5 Bxf5 22. Bxe7 Kxe7 23. Rxg7+ Kf6 24. Rg3 Rg8 25. Rh1 Rxg3 0-1

[Event "PRO League Atlantic 2017"]
[Site "chess.com INT"]
[Date "2017.01.11"]
[Round "1"]
[White "Barbosa, Oliver"]
[Black "Li, Chao b"]
[Result "0-1"]
[WhiteTitle "GM"]
[BlackTitle "GM"]
[WhiteElo "2518"]
[BlackElo "2720"]
[WhiteTeam "New York Knights"]
[BlackTeam "Montreal ChessBrahs"]
[WhiteFideId "5201640"]
[BlackFideId "8604436"]
[EventDate "2017.01.11"]

1. c4 c5 2. g3 e5 3. Nc3 Nc6 4. Bg2 d6 5. a3 Nf6 6. d3 Be7 7. Nf3 O-O 8. O-O h6
9. Rb1 Be6 10. b4 Qd7 11. Re1 b6 12. e3 e4 13. dxe4 Bxc4 14. bxc5 bxc5 15. e5
Ng4 16. Qa4 Ncxe5 17. Nxe5 Qxa4 18. Nxa4 Nxe5 19. Bxa8 Rxa8 20. Rd1 Be2 21. Rd5
Bf3 22. Nc3 f5 23. Rd2 Bc6 24. Rdb2 Kf7 25. Rb8 Nf3+ 26. Kf1 Nxh2+ 27. Ke2 g5
28. Rxa8 Bxa8 29. Rb8 Bf3+ 30. Ke1 h5 31. e4 Bxe4 32. Nxe4 fxe4 33. Rb7 Ke6 34.
Rxa7 Nf3+ 35. Kf1 d5 36. a4 c4 37. a5 Bc5 38. Rc7 Kd6 39. Rh7 c3 40. a6 d4 41.
a7 Bxa7 42. Rxa7 d3 43. Be3 c2 44. Ra6+ Kd7 45. Ra7+ Kc6 46. Ra3 Kb5 47. Rc3 Kb4
48. Rc8 d2 49. Bxd2+ Nxd2+ 50. Ke2 Nc4 0-1

[Event "PRO League Atlantic 2017"]
[Site "chess.com INT"]
[Date "2017.01.11"]
[Round "1"]
[White "Barbosa, Oliver"]
[Black "Hua, Lefong"]
[Result "1-0"]
[WhiteTitle "GM"]
[BlackTitle "FM"]
[WhiteElo "2518"]
[BlackElo "2333"]
[WhiteTeam "New York Knights"]
[BlackTeam "Montreal ChessBrahs"]
[WhiteFideId "5201640"]
[BlackFideId "2602253"]
[EventDate "2017.01.11"]

1. d4 Nf6 2. Nf3 g6 3. Bg5 Bg7 4. Nbd2 O-O 5. c3 d6 6. e4 c5 7. dxc5 dxc5 8. Bc4
Nc6 9. Qe2 h6 10. Bxf6 exf6 11. O-O-O Qc7 12. g3 Kh7 13. Nh4 Ne7 14. f4 Be6 15.
f5 Bxc4 16. Nxc4 Rad8 17. a4 Rxd1+ 18. Rxd1 Rd8 19. Rf1 Qd7 20. Qc2 h5 21. Kb1
Qd3 22. Qxd3 Rxd3 23. Kc2 Rd8 24. Ng2 gxf5 25. exf5 Bh6 26. Nf4 Bxf4 27. Rxf4
Rd5 28. Ne3 Re5 29. Kd3 Kh6 30. h3 Nd5 31. Nxd5 Rxd5+ 32. Kc4 Re5 33. h4 Re2 34.
Kxc5 Rxb2 35. Rb4 Rc2 36. c4 b6+ 37. Kb5 a5 38. Rb3 Kg7 39. Kxb6 Rxc4 40. Kxa5
Rc5+ 41. Kb6 Rxf5 42. a5 Rf1 43. a6 Ra1 44. a7 f5 45. Rb5 Kf6 46. Ra5 1-0

[Event "PRO League Atlantic 2017"]
[Site "chess.com INT"]
[Date "2017.01.11"]
[Round "1"]
[White "Kumar, Nikhil"]
[Black "Perdomo, Carlos Andres"]
[Result "1-0"]
[WhiteTitle "FM"]
[BlackTitle "IM"]
[WhiteElo "2379"]
[BlackElo "2299"]
[WhiteTeam "Miami Champions"]
[BlackTeam "Atlanta Kings"]
[WhiteFideId "30909040"]
[BlackFideId "4400852"]
[EventDate "2017.01.11"]

1. d4 Nf6 2. c4 e6 3. Nc3 d5 4. cxd5 exd5 5. Bg5 Nbd7 6. e3 Be7 7. Bd3 c6 8. Qc2
Nf8 9. Nge2 Ne6 10. Bh4 g6 11. O-O Ng7 12. f3 O-O 13. Rad1 Bf5 14. e4 dxe4 15.
fxe4 Bg4 16. h3 Bxe2 17. Nxe2 Nd7 18. Bf2 Rc8 19. Qb3 Qc7 20. Bc4 Qb6 21. Qf3 c5
22. Nc3 cxd4 23. Bxd4 Bc5 24. Bxf7+ Kh8 25. Qf2 Rxf7 26. Qxf7 Bxd4+ 27. Kh1 Nh5
28. Ne2 Ne5 29. Qe7 Bxb2 30. Rf8+ 1-0

[Event "PRO League Atlantic 2017"]
[Site "chess.com INT"]
[Date "2017.01.11"]
[Round "1"]
[White "Kumar, Nikhil"]
[Black "Guseinov, Gadir"]
[Result "1/2-1/2"]
[WhiteTitle "FM"]
[BlackTitle "GM"]
[WhiteElo "2379"]
[BlackElo "2643"]
[WhiteTeam "Miami Champions"]
[BlackTeam "Atlanta Kings"]
[WhiteFideId "30909040"]
[BlackFideId "13401378"]
[EventDate "2017.01.11"]

1. d4 Nf6 2. c4 g6 3. Nc3 Bg7 4. e4 d6 5. f3 O-O 6. Be3 Nc6 7. Nge2 a6 8. Qd2
Bd7 9. Rc1 b5 10. c5 dxc5 11. d5 Ne5 12. Bxc5 Nc4 13. Qc2 Bh6 14. Rd1 Ne3 15.
Bxe3 Bxe3 16. Nd4 c5 17. dxc6 Qb6 18. Qd3 Bxd4 19. Qxd4 Qxd4 20. Rxd4 Bxc6 21.
Be2 Rfd8 22. Rd2 e5 23. g4 Kf8 24. h4 Ke7 25. Rxd8 Rxd8 26. Kf2 Rd2 27. Nd1 h5
28. g5 Nd7 29. Ke3 Rd4 30. Nc3 Nc5 31. Rd1 Ne6 32. a3 Rxd1 33. Bxd1 f6 34. gxf6+
Kxf6 35. Bb3 Nf4 36. Bd5 Bd7 37. Bb7 a5 38. Nd5+ Nxd5+ 39. Bxd5 g5 40. hxg5+
Kxg5 41. b4 axb4 42. axb4 h4 43. Bf7 h3 44. Kf2 Kf4 45. Bh5 Be6 46. Be8 Bc4 47.
Bd7 h2 48. Kg2 1/2-1/2

[Event "PRO League Atlantic 2017"]
[Site "chess.com INT"]
[Date "2017.01.11"]
[Round "1"]
[White "Bonin, Jay R"]
[Black "Li, Chao b"]
[Result "0-1"]
[WhiteTitle "IM"]
[BlackTitle "GM"]
[WhiteElo "2260"]
[BlackElo "2720"]
[WhiteTeam "New York Knights"]
[BlackTeam "Montreal ChessBrahs"]
[WhiteFideId "2000644"]
[BlackFideId "8604436"]
[EventDate "2017.01.11"]

1. d4 Nf6 2. Nf3 g6 3. c4 Bg7 4. Nc3 O-O 5. e4 e6 6. e5 Ne8 7. h4 d6 8. h5 dxe5
9. dxe5 Qxd1+ 10. Kxd1 b6 11. Bd3 Bb7 12. Be4 Bxe4 13. Nxe4 Nc6 14. Bf4 gxh5 15.
Rxh5 f6 16. exf6 Nxf6 17. Nxf6+ Rxf6 18. Bxc7 Rf7 19. Bg3 Bxb2 20. Rb1 Rd8+ 21.
Ke2 Bg7 22. Rd1 Rxd1 23. Kxd1 Nb4 24. a3 Nd3 25. Kc2 Nc5 26. Be5 Ne4 27. Bxg7
Rxg7 28. Re5 Nc5 29. Ng5 Nd7 30. Rxe6 Rxg5 31. Re7 Rg7 32. Rxg7+ Kxg7 33. Kd3
Kf6 34. Kd4 h5 35. Kd5 h4 36. Kc6 Nc5 37. Kc7 Nd3 38. Kb7 Ne5 39. Kxa7 Nxc4 40.
Ka6 Ke5 41. Kb5 Kd5 42. a4 Nb2 43. a5 bxa5 44. Kxa5 Nd3 0-1

[Event "PRO League Atlantic 2017"]
[Site "chess.com INT"]
[Date "2017.01.11"]
[Round "1"]
[White "Bonin, Jay R"]
[Black "Hua, Lefong"]
[Result "1/2-1/2"]
[WhiteTitle "IM"]
[BlackTitle "FM"]
[WhiteElo "2260"]
[BlackElo "2333"]
[WhiteTeam "New York Knights"]
[BlackTeam "Montreal ChessBrahs"]
[WhiteFideId "2000644"]
[BlackFideId "2602253"]
[EventDate "2017.01.11"]

1. d4 Nf6 2. Nf3 g6 3. c4 Bg7 4. Nc3 O-O 5. e4 d6 6. Be2 c5 7. O-O cxd4 8. Nxd4
Nc6 9. Be3 Nxd4 10. Bxd4 Bd7 11. Qd2 Bc6 12. f3 a5 13. Rfd1 Nd7 14. Rac1 Bxd4+
15. Qxd4 Qb6 16. Qxb6 Nxb6 17. Nd5 Bxd5 18. cxd5 Rfc8 19. Bb5 g5 20. Kf2 Kg7 21.
Ke3 Rxc1 22. Rxc1 Rc8 23. Rxc8 Nxc8 24. Kd4 Kf6 25. g3 e5+ 26. dxe6 fxe6 27. f4
gxf4 28. gxf4 Na7 29. e5+ Ke7 30. exd6+ Kxd6 31. Bd3 h6 32. Be4 1/2-1/2

[Event "PRO League Atlantic 2017"]
[Site "chess.com INT"]
[Date "2017.01.11"]
[Round "1"]
[White "Giannatos, Peter"]
[Black "Gorman, Dov"]
[Result "1-0"]
[BlackTitle "FM"]
[WhiteElo "2284"]
[BlackElo "2253"]
[WhiteTeam "Carolina Cobras"]
[BlackTeam "Philadelphia Inventors"]
[WhiteFideId "2041650"]
[BlackFideId "2001233"]
[EventDate "2017.01.11"]

1. d4 d5 2. Bf4 c5 3. Nc3 e6 4. e3 Nf6 5. Nb5 Na6 6. c3 Be7 7. h3 O-O 8. Nf3 Bd7
9. Be2 Bxb5 10. Bxb5 Qb6 11. Qe2 Nc7 12. Ba4 Qa6 13. Qxa6 Nxa6 14. O-O Rac8 15.
g4 Ne4 16. Rad1 Bd6 17. Ne5 g5 18. Bh2 f6 19. Bd7 fxe5 20. dxe5 Rcd8 21. Bxe6+
Kg7 22. exd6 Nxd6 23. Bxd5 b6 24. Be5+ Kh6 25. Bxd6 Rxd6 26. Bc4 Rxd1 27. Rxd1
Nb8 28. Kg2 Rf6 29. Kg3 Nc6 30. f4 Na5 31. Bb3 Nxb3 32. axb3 Re6 33. Kf3 Rc6 34.
Rd5 gxf4 35. exf4 Kg6 36. h4 a5 37. f5+ Kh6 38. g5+ Kh5 39. Kg3 b5 40. Rd7 h6
41. Rh7 a4 42. bxa4 bxa4 43. Rxh6+ Rxh6 44. gxh6 Kxh6 45. Kf4 Kh5 46. Ke5 a3 47.
bxa3 1-0

[Event "PRO League Atlantic 2017"]
[Site "chess.com INT"]
[Date "2017.01.11"]
[Round "1"]
[White "Giannatos, Peter"]
[Black "Vovk, Andriy"]
[Result "0-1"]
[BlackTitle "GM"]
[WhiteElo "2284"]
[BlackElo "2633"]
[WhiteTeam "Carolina Cobras"]
[BlackTeam "Philadelphia Inventors"]
[WhiteFideId "2041650"]
[BlackFideId "14114470"]
[EventDate "2017.01.11"]

1. d4 Nf6 2. Bf4 e6 3. e3 c5 4. c3 Nc6 5. Nd2 b6 6. Ngf3 Bb7 7. Bd3 Be7 8. h3
O-O 9. O-O Rc8 10. a3 h6 11. Qe2 d5 12. Rae1 a5 13. Ne5 Nd7 14. Nxc6 Bxc6 15.
Ba6 Ra8 16. Bb5 Qc8 17. Nf3 c4 18. Bxc6 Qxc6 19. Ne5 Nxe5 20. Bxe5 b5 21. Qg4 f6
22. Bf4 Kh7 23. f3 b4 24. axb4 axb4 25. e4 dxe4 26. fxe4 Ra2 27. Bc1 bxc3 28.
bxc3 Rc2 29. d5 exd5 30. Qf5+ g6 31. Qxd5 Qxd5 32. exd5 Rf7 33. Rf3 f5 34. Bf4
Bf6 35. Be5 Re7 36. Rfe3 Bg5 37. Bf4 Rxe3 38. Bxe3 Rxc3 39. Bxg5 hxg5 40. Rd1
Ra3 41. d6 Ra8 42. Rc1 Rc8 43. Kf2 Kg7 44. d7 Rd8 45. Rxc4 Rxd7 46. Rc6 Rd2+ 47.
Kg1 Kh6 48. Kh2 Rd3 49. Rc7 Rd2 50. Rc6 f4 51. Kg1 g4 52. hxg4 Kg5 53. Re6 Ra2
54. Rc6 Kh4 55. Rc3 Kxg4 56. Rb3 g5 57. Rc3 Re2 58. Rb3 Re3 59. Rb1 Kg3 60. Rf1
g4 61. Ra1 Rc3 62. Rd1 Rc2 63. Rd3+ f3 64. gxf3 gxf3 65. Rd1 Rg2+ 66. Kf1 Rh2
67. Kg1 f2+ 68. Kf1 Rh1+ 0-1